[Event "ONJK 2017 A"]
[Site "Borne, Netherlands"]
[Date "2017.08.09"]
[Round "4.4"]
[White "Godde, Matthias"]
[Black "De Boer, Eelke"]
[Result "1/2-1/2"]
[WhiteElo "1956"]
[BlackElo "2190"]
[PlyCount "80"]
[EventDate "2017.08.??"]

1. d4 Nf6 2. Nf3 g6 3. c4 Bg7 4. Nc3 O-O 5. g3 d6 6. Bg2 Nc6 7. O-O a6 8. h3
Bd7 9. e4 e5 10. Be3 exd4 11. Nxd4 Re8 12. Qd2 b5 13. cxb5 Nxd4 14. Bxd4 axb5
15. Bxf6 Bxf6 16. e5 Bxe5 17. Bxa8 Qxa8 18. Kh2 Qf3 19. Qd1 Qf5 20. Qg4 Qxg4
21. hxg4 Bxg4 22. Rfe1 Ra8 23. Nd5 c5 24. Rxe5 dxe5 25. Nf6+ Kg7 26. Nxg4 f6
27. Rd1 Kf7 28. a3 Ke6 29. Kg2 c4 30. Ne3 c3 31. bxc3 Rxa3 32. Nd5 Rb3 33. Nc7+
Kf5 34. Nd5 e4 35. Rd4 Ke5 36. Kg1 f5 37. Rd2 Rb1+ 38. Kg2 Rb3 39. Kg1 Rb1+ 40.
Kg2 Rb3 1/2-1/2

[Event "ONJK 2017 A"]
[Site "Borne, Netherlands"]
[Date "2017.08.09"]
[Round "4.5"]
[White "Pauwels, Xander"]
[Black "Moerman, Thomas"]
[Result "1/2-1/2"]
[WhiteElo "2099"]
[BlackElo "1900"]
[PlyCount "63"]
[EventDate "2017.08.??"]

1. e4 c5 2. Nf3 e6 3. d4 cxd4 4. Nxd4 Nc6 5. Nc3 Qc7 6. g3 a6 7. Bg2 Nf6 8. O-O
Nxd4 9. Qxd4 Bc5 10. Bf4 d6 11. Qd2 Ng4 12. b4 Bxb4 13. Nd5 exd5 14. Qxb4 Ne5
15. Bxe5 dxe5 16. exd5 a5 17. Qa3 Ra6 18. Rfe1 b5 19. Qb2 O-O 20. Rxe5 Rf6 21.
Rae1 b4 22. R1e3 Ba6 23. Re8 Qd6 24. Qd4 Qb6 25. Rxf8+ Kxf8 26. Qe4 g6 27. h4
h5 28. Qe5 Qd6 29. Qe8+ Kg7 30. c3 Bc4 31. Qa4 Bxd5 32. Bxd5 1/2-1/2

[Event "ONJK 2017 A"]
[Site "Borne, Netherlands"]
[Date "2017.08.09"]
[Round "4.6"]
[White "De Bock, Thijs"]
[Black "Jongste, David"]
[Result "0-1"]
[WhiteElo "1951"]
[BlackElo "2005"]
[PlyCount "120"]
[EventDate "2017.08.??"]

1. e4 c5 2. Nf3 e6 3. d4 cxd4 4. Nxd4 Nc6 5. Nc3 Qc7 6. Be3 a6 7. Qd2 Nf6 8. f3
b5 9. O-O-O Bb7 10. Kb1 Rc8 11. g4 Be7 12. g5 Nh5 13. Nb3 Ne5 14. Qf2 Ng6 15.
Bg2 Nhf4 16. h4 h5 17. Rc1 d5 18. exd5 Nxd5 19. Nxd5 Bxd5 20. Rhf1 Bd6 21. Bd4
Bg3 22. Qd2 O-O 23. Bh1 Nxh4 24. f4 Bxh1 25. Be5 Qd8 26. Rxh1 Qxd2 27. Nxd2 Ng6
28. Rxh5 Bxf4 29. Bxf4 Nxf4 30. Rh2 Rfd8 31. Rf1 e5 32. Ne4 Rd4 33. Ng3 Rcd8
34. Kc1 Ng6 35. Rfh1 Rg4 36. Nf5 Rd7 37. Rh5 Rg2 38. Kb1 Rdd2 39. Ne7+ Kf8 40.
Nf5 Ke8 41. Nxg7+ Kd7 42. Rc1 Nf4 43. Rh8 Ne2 44. Rf1 Rf2 45. Rhh1 Ng3 46. Rxf2
Rxf2 47. Rg1 e4 48. c4 e3 49. Rxg3 e2 50. Re3 Rf1+ 51. Kc2 e1=Q 52. Rxe1 Rxe1
53. cxb5 axb5 54. Nh5 Re5 55. Nf6+ Ke6 56. Nh7 Kf5 57. Kc3 Kg6 58. Nf6 Kxg5 59.
Nd7 Rd5 60. Nb6 Rd6 0-1

[Event "ONJK 2017 A"]
[Site "Borne, Netherlands"]
[Date "2017.08.09"]
[Round "5.1"]
[White "Hilwerda, Jonas"]
[Black "Van Malder, Dries"]
[Result "1/2-1/2"]
[WhiteElo "2132"]
[BlackElo "1916"]
[PlyCount "48"]
[EventDate "2017.08.??"]

1. e4 c5 2. Nf3 Nc6 3. d4 cxd4 4. Nxd4 Nf6 5. Nc3 d6 6. Bg5 e6 7. Qd2 a6 8.
O-O-O Bd7 9. f4 b5 10. a3 Qb6 11. Nxc6 Bxc6 12. Be2 Nxe4 13. Nxe4 Bxe4 14. Rhe1
d5 15. Bd3 Bxd3 16. Qxd3 Bc5 17. f5 O-O 18. f6 Rfc8 19. fxg7 b4 20. axb4 Qxb4
21. Rf1 Rab8 22. b3 Qa3+ 23. Kb1 Be7 24. Qf3 f5 1/2-1/2

[Event "ONJK 2017 A"]
[Site "Borne, Netherlands"]
[Date "2017.08.09"]
[Round "5.2"]
[White "Korten, Lando"]
[Black "Damen, Jip"]
[Result "1-0"]
[WhiteElo "2119"]
[BlackElo "1994"]
[PlyCount "75"]
[EventDate "2017.08.??"]

1. d4 g6 2. c4 Bg7 3. Nc3 d6 4. e4 Nf6 5. h3 O-O 6. Be3 e5 7. d5 Na6 8. Bd3 Nc5
9. Bc2 a5 10. g4 c6 11. Nge2 cxd5 12. cxd5 Bd7 13. Ng3 b5 14. O-O Rc8 15. Qe2
b4 16. Nb1 Ne8 17. Nd2 Nc7 18. Bxc5 dxc5 19. Bd3 Ne8 20. Rac1 Nd6 21. Rc2 f5
22. f3 h5 23. exf5 hxg4 24. fxg4 gxf5 25. gxf5 Qg5 26. Kh2 Bxf5 27. Bxf5 Nxf5
28. Nxf5 Rxf5 29. Ne4 Qg6 30. Rg1 Qh6 31. Rxc5 Rxc5 32. Nxc5 Qh4 33. Qg4 Rf2+
34. Rg2 Qxg4 35. hxg4 Rf4 36. Ne6 Re4 37. d6 Bf6 38. Rf2 1-0

[Event "ONJK 2017 A"]
[Site "Borne, Netherlands"]
[Date "2017.08.09"]
[Round "5.3"]
[White "Stemmler, Fabian"]
[Black "Terhuven, Patrick"]
[Result "1/2-1/2"]
[WhiteElo "1989"]
[BlackElo "2121"]
[PlyCount "65"]
[EventDate "2017.08.??"]

1. d4 Nf6 2. Bg5 e6 3. e4 Be7 4. e5 Nd5 5. Bxe7 Qxe7 6. c4 Nb6 7. Nc3 d6 8.
exd6 cxd6 9. Nf3 Nc6 10. Bd3 O-O 11. O-O Rd8 12. Qe2 Nd7 13. d5 Nce5 14. Nxe5
Nxe5 15. f4 Nxd3 16. Qxd3 Qc7 17. Kh1 Bd7 18. Rac1 Rac8 19. Ne4 h6 20. dxe6
Bxe6 21. f5 Bxc4 22. Qg3 d5 23. Nf6+ Kh8 24. Qh3 Qb6 25. Ng4 Bxf1 26. Rxf1 Rc4
27. f6 Rxg4 28. Qxg4 g6 29. h4 Qe3 30. Qb4 Kg8 31. Qxb7 Qe2 32. Rc1 d4 33. Qe7
1/2-1/2

[Event "ONJK 2017 A"]
[Site "Borne, Netherlands"]
[Date "2017.08.09"]
[Round "5.4"]
[White "Jongste, David"]
[Black "Ortmeier, Leonard"]
[Result "1-0"]
[WhiteElo "2005"]
[BlackElo "1956"]
[PlyCount "103"]
[EventDate "2017.08.??"]

1. e4 c5 2. Nf3 Nc6 3. Bb5 g6 4. O-O Bg7 5. Re1 e5 6. Nc3 Nge7 7. a4 O-O 8. d3
d6 9. h3 h6 10. Bc4 Kh7 11. Nd5 Nxd5 12. exd5 Ne7 13. Nh2 b6 14. a5 Bb7 15. Qf3
b5 16. a6 bxc4 17. axb7 Rb8 18. Rxa7 cxd3 19. Qxd3 Qb6 20. Ra6 Qc7 21. Bd2 Rxb7
22. b3 f5 23. c4 Rfb8 24. Rb1 Ng8 25. Qc2 Nf6 26. Qa2 Qd7 27. Ra4 Bf8 28. b4
cxb4 29. Raxb4 Ne4 30. Be1 Nc5 31. Nf1 Bg7 32. Qc2 Qc7 33. h4 e4 34. h5 Nd3 35.
hxg6+ Kxg6 36. Rxb7 Rxb7 37. Rd1 Qc5 38. Qa4 Re7 39. Qc2 Bd4 40. Qe2 Nf4 41.
Qd2 Nd3 42. Qe2 Be5 43. Ne3 Rg7 44. Rxd3 exd3 45. Qxd3 Kf7 46. Qxf5+ Kg8 47.
Qe6+ Kf8 48. Qxh6 Qc8 49. Bb4 Qd7 50. Qh8+ Kf7 51. Qh5+ Kf8 52. Qxe5 1-0

[Event "ONJK 2017 A"]
[Site "Borne, Netherlands"]
[Date "2017.08.09"]
[Round "5.5"]
[White "De Boer, Eelke"]
[Black "Weber, Jannis"]
[Result "1-0"]
[WhiteElo "2190"]
[BlackElo "1878"]
[PlyCount "101"]
[EventDate "2017.08.??"]

1. e4 c5 2. Nf3 d6 3. d4 cxd4 4. Nxd4 Nf6 5. Nc3 a6 6. Bg5 e6 7. f4 Be7 8. Qf3
Qc7 9. O-O-O Nbd7 10. f5 Ne5 11. Qh3 Nfg4 12. Bxe7 Qxe7 13. Qg3 h5 14. Qf4 Bd7
15. Be2 O-O-O 16. h3 Nf6 17. g4 g5 18. Qg3 Bc6 19. Nxc6 Nxc6 20. fxe6 fxe6 21.
gxh5 Nxh5 22. Bxh5 Rxh5 23. Qg4 Rh4 24. Nd5 Qf7 25. Qxg5 Rxe4 26. Rhf1 Re5 27.
Nb6+ Kb8 28. Qxd8+ Nxd8 29. Rxf7 Nxf7 30. Nd7+ Kc7 31. Nxe5 Nxe5 32. h4 Kd7 33.
h5 Nf7 34. Rg1 Ke7 35. Rg8 Kf6 36. Rb8 b5 37. Ra8 Kg5 38. Rxa6 Kxh5 39. Ra5 Kg4
40. Rxb5 e5 41. Kd2 Kf3 42. Rb8 Nh6 43. Rf8+ Ke4 44. a4 Kd5 45. a5 Kc6 46. Rb8
Kc7 47. Rb4 Nf5 48. a6 Ne7 49. a7 Nc6 50. a8=Q Nxb4 51. Qa5+ 1-0

[Event "ONJK 2017 A"]
[Site "Borne, Netherlands"]
[Date "2017.08.09"]
[Round "5.6"]
[White "Dauw, Sterre"]
[Black "Pauwels, Xander"]
[Result "1-0"]
[WhiteElo "1958"]
[BlackElo "2099"]
[PlyCount "39"]
[EventDate "2017.08.??"]

1. e4 c5 2. Nf3 d6 3. d4 cxd4 4. Nxd4 Nf6 5. Nc3 a6 6. f4 e5 7. Nf3 Qc7 8. a4
Nbd7 9. Bd3 b6 10. O-O Be7 11. Qe1 Bb7 12. Kh1 Nc5 13. fxe5 dxe5 14. Qg3 Ncxe4
15. Nxe4 Bxe4 16. Bxe4 Nxe4 17. Qxg7 Bf6 18. Qh6 Qe7 19. Nd2 Bg5 20. Qc6+ 1-0

[Event "ONJK 2017 A"]
[Site "Borne, Netherlands"]
[Date "2017.09.08"]
[Round "5"]
[White "Moerman, Thomas"]
[Black "Bekedam, Tyro"]
[Result "1/2-1/2"]
[WhiteElo "1900"]
[BlackElo "2042"]
[PlyCount "62"]
[EventDate "2017.08.??"]

1. d4 d5 2. c4 c6 3. e3 Nf6 4. Nc3 e6 5. Qc2 Nbd7 6. Nf3 Bd6 7. Bd3 dxc4 8.
Bxc4 b5 9. Be2 Bb7 10. O-O a6 11. Rd1 Qc7 12. e4 e5 13. Bg5 exd4 14. Rxd4 O-O
15. Bxf6 Nxf6 16. Rxd6 Qxd6 17. e5 Qc5 18. b4 Qxb4 19. exf6 gxf6 20. Ne4 Kg7
21. Nh4 Bc8 22. Qd3 Be6 23. Qg3+ Kh8 24. Qf3 Qb2 25. Rd1 Rad8 26. Nxf6 Rxd1+
27. Bxd1 Rd8 28. Ne4 Kg8 29. Be2 Qa1+ 30. Bf1 Bc4 31. Ng3 Bd5 1/2-1/2

[Event "ONJK 2017 A"]
[Site "Borne, Netherlands"]
[Date "2017.09.08"]
[Round "5"]
[White "Carpentier, Jannes"]
[Black "Boudry, William"]
[Result "0-1"]
[WhiteElo "1896"]
[BlackElo "1965"]
[PlyCount "101"]
[EventDate "2017.08.??"]

1. b3 d6 2. Bb2 e5 3. e3 f5 4. c4 Nf6 5. Nc3 Be7 6. Nge2 O-O 7. g3 Qe8 8. Bg2
Nc6 9. a3 a5 10. Nd5 Bd8 11. d4 Kh8 12. Qc2 e4 13. Nef4 Nxd5 14. Nxd5 Ne7 15.
Nf4 c6 16. d5 c5 17. Qc3 Rg8 18. h4 Ng6 19. Nxg6+ Qxg6 20. h5 Qh6 21. O-O-O a4
22. g4 Bf6 23. Qc2 axb3 24. Qxb3 Bxb2+ 25. Qxb2 Qf6 26. gxf5 Bxf5 27. Bh3 Bxh3
28. Rxh3 Ra4 29. h6 Rxc4+ 30. Kb1 Qxb2+ 31. Kxb2 g6 32. Rh4 Rf8 33. Rd2 Kg8 34.
Kb3 b5 35. Ra2 Rf5 36. a4 Rb4+ 37. Kc3 bxa4 38. Rb2 Rxb2 39. Kxb2 Rxd5 40. Rxe4
Rd2+ 41. Kc3 Rxf2 42. Rxa4 g5 43. Ra7 Rf6 44. Rg7+ Kh8 45. Rxg5 Rxh6 46. Kc4
Rg6 47. Rf5 Kg7 48. e4 Re6 49. Kd5 Re5+ 50. Rxe5 dxe5 51. Kxc5 0-1

[Event "ONJK 2017 A"]
[Site "Borne, Netherlands"]
[Date "2017.09.08"]
[Round "5"]
[White "Van Doren, Bas"]
[Black "Godde, Matthias"]
[Result "0-1"]
[WhiteElo "1748"]
[BlackElo "1956"]
[PlyCount "50"]
[EventDate "2017.08.??"]

1. e4 c5 2. Be2 e6 3. d3 Nc6 4. f4 d5 5. Nf3 Be7 6. O-O b6 7. Qe1 dxe4 8. dxe4
Nf6 9. Nbd2 Bb7 10. c3 O-O 11. Bd1 Qc7 12. e5 Nd5 13. Ne4 Ba6 14. Qg3 Bxf1 15.
Kxf1 f6 16. Qh3 Qd7 17. Bc2 f5 18. Neg5 h6 19. Ba4 hxg5 20. fxg5 g6 21. Qh6 Rf7
22. Qxg6+ Rg7 23. Qh6 Nc7 24. h4 b5 25. Bc2 Qe8 0-1

[Event "ONJK 2017 A"]
[Site "Borne, Netherlands"]
[Date "2017.09.08"]
[Round "5"]
[White "Maerevoet, Sim"]
[Black "De Bock, Thijs"]
[Result "1-0"]
[WhiteElo "2085"]
[BlackElo "1951"]
[PlyCount "25"]
[EventDate "2017.08.??"]

1. Nc3 d5 2. d4 Nf6 3. Nf3 Bf5 4. Bg5 e6 5. e3 c5 6. Bd3 Nc6 7. Bxf5 exf5 8.
Bxf6 gxf6 9. dxc5 Bxc5 10. Qxd5 Qe7 11. Qxf5 Rg8 12. Nd5 Qxe3+ 13. fxe3 1-0

[Event "ONJK 2017 A"]
[Site "Borne, Netherlands"]
[Date "2017.09.08"]
[Round "5"]
[White "Van Roon, Sjoerd"]
[Black "Ramacker, Quinten"]
[Result "1-0"]
[WhiteElo "1894"]
[BlackElo "1981"]
[PlyCount "67"]
[EventDate "2017.08.??"]

1. e4 c5 2. Nf3 e6 3. d4 cxd4 4. Nxd4 Nc6 5. Be3 a6 6. Nc3 Qc7 7. f4 Bb4 8. Qg4
Qa5 9. Qxg7 Bxc3+ 10. bxc3 Qxc3+ 11. Kf2 Qxa1 12. Qxh8 Nce7 13. f5 exf5 14.
exf5 f6 15. Ne6 Qe5 16. Bf4 Qc3 17. Nc7+ Kd8 18. Nxa8 Qxc2+ 19. Be2 Qxf5 20. g3
Qc5+ 21. Be3 Qf5+ 22. Bf3 Qc2+ 23. Kg1 Qb1+ 24. Kg2 Qxa2+ 25. Bf2 d5 26. Rd1
Be6 27. Nb6 Nf5 28. Nxd5 Kc8 29. Nb6+ Kb8 30. Qxh7 Nge7 31. Qh8+ Nc8 32. Kg1
Qb3 33. Nxc8 Qxf3 34. Ne7+ 1-0

[Event "ONJK 2017 A"]
[Site "Borne, Netherlands"]
[Date "2017.09.08"]
[Round "5"]
[White "Kanbier, Max"]
[Black "Knudsen, Simon"]
[Result "0-1"]
[WhiteElo "1849"]
[BlackElo "1964"]
[PlyCount "54"]
[EventDate "2017.08.??"]

1. e4 c5 2. c4 Nc6 3. Nc3 d6 4. f4 g6 5. Nf3 Bg4 6. d3 Bg7 7. Be3 e6 8. Qd2
Bxf3 9. gxf3 Nd4 10. Be2 Ne7 11. h4 h5 12. Nb5 Nec6 13. Nxd4 Nxd4 14. Bxd4 Bxd4
15. Bd1 Qf6 16. Rb1 O-O 17. Ke2 Rab8 18. Bb3 b5 19. cxb5 Rxb5 20. Bc4 Rb6 21.
f5 Rfb8 22. b3 d5 23. fxg6 fxg6 24. exd5 Qe5+ 25. Kf1 exd5 26. Re1 Qf5 27. Qa5
Qxf3# 0-1

[Event "ONJK 2017 A"]
[Site "Borne, Netherlands"]
[Date "2017.09.08"]
[Round "5"]
[White "Wensing, Maximilian"]
[Black "Koning, Femke"]
[Result "1/2-1/2"]
[WhiteElo "1956"]
[BlackElo "1456"]
[PlyCount "71"]
[EventDate "2017.08.??"]

1. e4 e5 2. Nf3 Nc6 3. Bc4 Bc5 4. O-O d6 5. c3 Bg4 6. d3 Nf6 7. Be3 Bb6 8. Nbd2
O-O 9. h3 Bh5 10. Re1 Re8 11. Nf1 d5 12. exd5 Nxd5 13. Bxb6 Nxb6 14. Bb3 Bg6
15. d4 exd4 16. Rxe8+ Qxe8 17. cxd4 Qd7 18. Qd2 Re8 19. Ng3 h6 20. Re1 Rd8 21.
Qf4 Qd6 22. Qg4 Qf6 23. d5 Nxd5 24. Bxd5 Rxd5 25. Qc8+ Qd8 26. Qxb7 Rd1 27.
Rxd1 Qxd1+ 28. Kh2 Qd6 29. Qb5 Be4 30. Qe2 Bd5 31. a3 Qf4 32. Qd2 Qxd2 33. Nxd2
Ne5 34. b4 g6 35. Ne2 c6 36. Nd4 1/2-1/2

[Event "ONJK 2017 A"]
[Site "Borne, Netherlands"]
[Date "2017.09.08"]
[Round "5"]
[White "Holtel, Jasper"]
[Black "De Boer, Sipke"]
[Result "1-0"]
[WhiteElo "2244"]
[BlackElo "1331"]
[PlyCount "68"]
[EventDate "2017.08.??"]

1. e4 d5 2. exd5 Qxd5 3. Nc3 Qa5 4. d4 Nf6 5. Nf3 Bg4 6. h3 Bh5 7. g4 Bg6 8.
Ne5 c6 9. h4 h6 10. Nxg6 fxg6 11. Bd3 e6 12. Bxg6+ Kd7 13. Bd2 Na6 14. Qf3 Qd8
15. O-O-O Kc7 16. Rhe1 Qd7 17. g5 Nd5 18. Nxd5+ exd5 19. Bf5 Qd8 20. Bf4+ Bd6
21. Re6 Bxf4+ 22. Qxf4+ Kb6 23. Re3 Nc7 24. Rb3+ Ka6 25. Ra3+ Kb6 26. Qd2 a6
27. Qa5+ Ka7 28. Qc5+ Kb8 29. Rb3 Qe8 30. Qd6 Ra7 31. Re3 Qd8 32. Qg3 hxg5 33.
hxg5 Ra8 34. Rde1 Re8 1-0

[Event "ONJK 2017 A"]
[Site "Borne, Netherlands"]
[Date "2017.09.08"]
[Round "5"]
[White "Langie, Jeroen"]
[Black "Limberg, Thomas"]
[Result "1/2-1/2"]
[WhiteElo "1432"]
[BlackElo "1753"]
[PlyCount "46"]
[EventDate "2017.08.??"]

1. d4 Nf6 2. c4 g6 3. Nc3 d5 4. cxd5 Nxd5 5. e4 Nxc3 6. bxc3 Bg7 7. Nf3 c5 8.
Be2 O-O 9. O-O Nc6 10. d5 Bxc3 11. Bh6 Nd4 12. Rc1 Nxe2+ 13. Qxe2 Bg7 14. Bxg7
Kxg7 15. Rxc5 Bg4 16. Rfc1 Kg8 17. Rc7 Rc8 18. Rxc8 Bxc8 19. Qe3 e6 20. Qh6 f6
21. e5 exd5 22. exf6 Qxf6 23. Rc7 Qa1+ 1/2-1/2

[Event "ONJK 2017 A"]
[Site "Borne, Netherlands"]
[Date "2017.09.08"]
[Round "5"]
[White "Van der Hoeven, Carsten"]
[Black "Weidema, Luuk"]
[Result "1-0"]
[WhiteElo "1514"]
[BlackElo "1412"]
[PlyCount "77"]
[EventDate "2017.08.??"]

1. e4 e6 2. d4 d5 3. exd5 exd5 4. Bd3 Bd6 5. c3 Nf6 6. Bg5 O-O 7. Ne2 Re8 8.
O-O c6 9. Re1 Bg4 10. Qc2 h6 11. Bh4 Nbd7 12. Nd2 Qc7 13. h3 Bxe2 14. Rxe2 Rxe2
15. Bxe2 g5 16. Bg3 Bxg3 17. fxg3 Qxg3 18. Nf1 Qf4 19. Nh2 Re8 20. Bd3 Kg7 21.
Rf1 Qg3 22. Rf3 Qe1+ 23. Rf1 Qg3 24. Rf3 Qd6 25. Qf2 Qe6 26. Nf1 Qe1 27. Qc2
Re7 28. Rf2 Re3 29. Bf5 Nb6 30. Kh2 Ne4 31. Bxe4 Rxe4 32. Ng3 Re8 33. Nf5+ Kf8
34. Nxh6 Re7 35. Qh7 Ke8 36. Rxf7 Qe6 37. Rxe7+ Qxe7 38. Qg6+ Kd8 39. Nf5 1-0

[Event "ONJK 2017 A"]
[Site "Borne, Netherlands"]
[Date "2017.09.08"]
[Round "5"]
[White "Teschler, Ansgar"]
[Black "Hofstra, Tijmen"]
[Result "1-0"]
[WhiteElo "1791"]
[BlackElo "1551"]
[PlyCount "25"]
[EventDate "2017.08.??"]

1. d4 d5 2. c4 c6 3. Nf3 Nf6 4. Nc3 e6 5. Bg5 Be7 6. e3 Qb6 7. Qc2 Nbd7 8. Bd3
h6 9. Bh4 c5 10. cxd5 g5 11. dxe6 Qxe6 12. Bg3 g4 13. Nb5 1-0

[Event "ONJK 2017 A"]
[Site "Borne, Netherlands"]
[Date "2017.09.08"]
[Round "5"]
[White "Bosma, Jan"]
[Black "Boekhoudt, Nicolien"]
[Result "1-0"]
[WhiteElo "1673"]
[BlackElo "1274"]
[PlyCount "41"]
[EventDate "2017.08.??"]

1. c4 e5 2. g3 Bc5 3. Bg2 Nf6 4. Nc3 Nc6 5. Nf3 d6 6. d3 Be6 7. O-O Qe7 8. a3
O-O 9. Bg5 h6 10. Bh4 g5 11. Nxg5 hxg5 12. Bxg5 Kh7 13. Ne4 Bf5 14. Bxf6 Qd7
15. Nxc5 dxc5 16. e4 Bg6 17. f4 Qe6 18. fxe5 Nxe5 19. Rf5 Bxf5 20. Qh5+ Kg8 21.
Qh8# 1-0

[Event "ONJK 2017 A"]
[Site "Borne, Netherlands"]
[Date "2017.09.08"]
[Round "5"]
[White "De Jong, Eliza"]
[Black "Schuttevaer, Tim"]
[Result "0-1"]
[WhiteElo "1610"]
[BlackElo "1628"]
[PlyCount "60"]
[EventDate "2017.08.??"]

1. e4 e5 2. Nf3 Nc6 3. d4 exd4 4. Nxd4 Bc5 5. Be3 Qf6 6. c3 d6 7. Bb5 Bd7 8.
O-O Nge7 9. Qd2 Qg6 10. Re1 Ne5 11. Bxd7+ Kxd7 12. Qd1 Qxe4 13. Nd2 Qg6 14.
N2f3 Bxd4 15. Bxd4 Nxf3+ 16. Qxf3 Nc6 17. Be3 Ne5 18. Qxb7 Rab8 19. Qd5 c6 20.
Qd1 Rxb2 21. Bxa7 Ra8 22. Bc5 Nd3 23. Bxd6 Qxd6 24. Qg4+ Kc7 25. Red1 Nxf2 26.
Qf3 Nxd1 27. Rxd1 Qc5+ 28. Kh1 f6 29. h3 Qe5 30. Qg4 f5 0-1

[Event "ONJK 2017 A"]
[Site "Borne, Netherlands"]
[Date "2017.09.08"]
[Round "5"]
[White "Kratz, Alexander"]
[Black "Lansink, Jelmer"]
[Result "1-0"]
[WhiteElo "1536"]
[BlackElo "1144"]
[PlyCount "36"]
[EventDate "2017.08.??"]

1. d4 Nf6 2. Nc3 d5 3. e4 dxe4 4. f3 exf3 5. Nxf3 e6 6. Bd3 Bb4 7. O-O Nc6 8.
Kh1 Bd7 9. a3 Bxc3 10. bxc3 O-O 11. Bg5 h6 12. Bd2 Re8 13. Ne5 Nxe5 14. dxe5
Nd5 15. c4 Nb6 16. Qh5 g6 17. Bxg6 fxg6 18. Qxg6+ Kh8 1-0

[Event "ONJK 2017 A"]
[Site "Borne, Netherlands"]
[Date "2017.09.08"]
[Round "5"]
[White "Berghuis, Thomas"]
[Black "Schelleman, Niels"]
[Result "1-0"]
[WhiteElo "1427"]
[BlackElo "1427"]
[PlyCount "63"]
[EventDate "2017.08.??"]

1. e4 d6 2. d4 Nf6 3. Nc3 g6 4. Bc4 Bg7 5. Nf3 O-O 6. Bg5 c5 7. O-O Bg4 8. h3
Bxf3 9. Qxf3 cxd4 10. Nd5 Nbd7 11. Rad1 Nb6 12. Bxf6 exf6 13. Bb3 Nxd5 14. Bxd5
Qb6 15. Qb3 Qxb3 16. Bxb3 Rad8 17. Rxd4 f5 18. Rb4 fxe4 19. Rxb7 a5 20. Bd5 Rb8
21. Bxf7+ Kh8 22. Rxb8 Rxb8 23. b3 Rb5 24. Re1 Re5 25. Rd1 Bf8 26. Bc4 Kg7 27.
Rd5 Kf6 28. Rd4 Kf5 29. g3 Rc5 30. f4 exf3 31. Rf4+ Ke5 32. Rxf8 1-0

[Event "ONJK 2017 A"]
[Site "Borne, Netherlands"]
[Date "2017.08.10"]
[Round "6.1"]
[White "Hilwerda, Jonas"]
[Black "Korten, Lando"]
[Result "1/2-1/2"]
[WhiteElo "2132"]
[BlackElo "2119"]
[PlyCount "86"]
[EventDate "2017.08.??"]

1. e4 c5 2. Nf3 d6 3. Nc3 Nf6 4. e5 dxe5 5. Nxe5 Nbd7 6. d4 Nxe5 7. dxe5 Qxd1+
8. Kxd1 Ng4 9. Bb5+ Kd8 10. Bf4 a6 11. h3 axb5 12. hxg4 Bxg4+ 13. f3 Bd7 14.
Ke2 Bc6 15. e6 fxe6 16. Be5 h6 17. Ne4 Bxe4 18. fxe4 Rg8 19. Ke3 g6 20. g4 Kd7
21. Rad1+ Kc6 22. a3 h5 23. gxh5 Bh6+ 24. Ke2 Ra4 25. hxg6 Rxe4+ 26. Kf3 Rxe5
27. Rxh6 Rg5 28. Rh7 R5xg6 29. Rxe7 R8g7 30. Rxg7 Rxg7 31. Rd2 Rg5 32. Ke4 Rg1
33. Re2 b4 34. axb4 Rg4+ 35. Kd3 Rxb4 36. c3 Rg4 37. Rxe6+ Kd5 38. Re2 c4+ 39.
Kd2 b5 40. Kc2 Re4 41. Rh2 Kc5 42. Rh5+ Kb6 43. Rh6+ Kc5 1/2-1/2

[Event "ONJK 2017 A"]
[Site "Borne, Netherlands"]
[Date "2017.08.10"]
[Round "6.2"]
[White "Damen, Jip"]
[Black "Jongste, David"]
[Result "0-1"]
[WhiteElo "1994"]
[BlackElo "2005"]
[PlyCount "77"]
[EventDate "2017.08.??"]

1. d4 Nf6 2. c4 g6 3. Nc3 Bg7 4. e4 d6 5. Be2 O-O 6. Be3 e5 7. d5 a5 8. g4 Na6
9. g5 Nd7 10. h4 f5 11. gxf6 Nxf6 12. h5 Qe8 13. Qc2 Nxh5 14. Bxh5 gxh5 15.
O-O-O Bg4 16. Rf1 Bf3 17. Nxf3 Rxf3 18. Ne2 Nb4 19. Qb1 c6 20. a3 cxd5 21. exd5
Rc8 22. axb4 Rxc4+ 23. Kd2 Qb5 24. Nc3 Qxb4 25. Ke2 Rf7 26. Rxh5 e4 27. Rg1 Kh8
28. Rhg5 Rcc7 29. Qa2 a4 30. Bd2 Qd4 31. R1g2 Qd3+ 32. Kd1 e3 33. Kc1 Qxd2+ 34.
Kb1 e2 35. Qxa4 e1=Q+ 36. Ka2 Rc8 37. Rxg7 Qxb2+ 38. Kxb2 Qxc3+ 39. Ka2 0-1

[Event "ONJK 2017 A"]
[Site "Borne, Netherlands"]
[Date "2017.08.10"]
[Round "6.3"]
[White "Van Malder, Dries"]
[Black "De Boer, Eelke"]
[Result "0-1"]
[WhiteElo "1916"]
[BlackElo "2190"]
[PlyCount "116"]
[EventDate "2017.08.??"]

1. d4 Nf6 2. c4 g6 3. Nc3 Bg7 4. e4 d6 5. Nf3 O-O 6. Be2 e5 7. O-O Nc6 8. Be3
Re8 9. Qc2 Ng4 10. d5 Nxe3 11. fxe3 Ne7 12. Bd3 Bh6 13. Rae1 Rf8 14. a3 f6 15.
Qe2 Kg7 16. Nd2 c5 17. Nf3 a6 18. a4 Bd7 19. Ra1 b6 20. b3 Rb8 21. Rae1 Rb7 22.
Qc2 Rf7 23. Nh4 Nc8 24. Nf3 Na7 25. Qe2 Qb8 26. Rb1 Be8 27. Kf2 b5 28. Rfd1
bxa4 29. bxa4 Rxb1 30. Rxb1 Rb7 31. Qc2 Rxb1 32. Qxb1 Qb4 33. Qxb4 cxb4 34. Na2
a5 35. Bc2 Nc8 36. Nc1 Nb6 37. Nd2 Kf7 38. Kf3 Ke7 39. Nd3 Kd8 40. Nb2 Kc7 41.
h3 Bd7 42. h4 g5 43. g3 gxh4 44. gxh4 Bf8 45. Kf2 h5 46. Nf1 Be8 47. Nd2 Be7
48. Kg3 Nd7 49. Nb3 Kb6 50. Bd1 Bg6 51. Bc2 Nc5 52. Nxc5 Kxc5 53. Kf3 b3 54.
Bxb3 Kb4 55. Bd1 Kc3 56. Ke2 Bxe4 57. c5 dxc5 58. Bc2 Bxc2 0-1

[Event "ONJK 2017 A"]
[Site "Borne, Netherlands"]
[Date "2017.08.10"]
[Round "6.4"]
[White "Terhuven, Patrick"]
[Black "Dauw, Sterre"]
[Result "1-0"]
[WhiteElo "2121"]
[BlackElo "1958"]
[PlyCount "103"]
[EventDate "2017.08.??"]

1. d4 Nf6 2. Nf3 e6 3. g3 c5 4. Bg2 cxd4 5. O-O Nc6 6. Nxd4 Bc5 7. Nb3 Bb6 8.
c4 d5 9. cxd5 exd5 10. Nc3 d4 11. Nb5 O-O 12. Bxc6 bxc6 13. N5xd4 Bh3 14. Re1
Ng4 15. e3 Ne5 16. Qh5 Bxd4 17. Nxd4 c5 18. Qxe5 cxd4 19. exd4 Qb6 20. d5 Qb5
21. Be3 f6 22. Qd4 Rfd8 23. Rad1 Be6 24. d6 Bxa2 25. Bf4 Rd7 26. Re7 Rad8 27.
Rde1 Qf5 28. h4 Bd5 29. Rxd7 Rxd7 30. Qc5 h6 31. Rd1 Be4 32. Qxf5 Bxf5 33. Be3
Kf7 34. Bc5 a6 35. Kf1 Bg4 36. Rd3 Be6 37. Rd4 Bb3 38. Rb4 Bd5 39. Rd4 Bb3 40.
Bb6 Ke6 41. Bc7 a5 42. Ke1 Bd5 43. Kd2 Bb3 44. Kc3 a4 45. Kb4 Ke5 46. Rd3 g5
47. Kc5 f5 48. Kc6 Be6 49. Re3+ Kf6 50. Ra3 Rg7 51. Bd8+ Kg6 52. Be7 1-0

[Event "ONJK 2017 A"]
[Site "Borne, Netherlands"]
[Date "2017.08.10"]
[Round "6.5"]
[White "Boudry, William"]
[Black "Stemmler, Fabian"]
[Result "1-0"]
[WhiteElo "1965"]
[BlackElo "1989"]
[PlyCount "83"]
[EventDate "2017.08.??"]

1. d4 e6 2. Nf3 f5 3. g3 Nf6 4. Bg2 Be7 5. O-O O-O 6. c4 d6 7. Nc3 a5 8. Re1
Ne4 9. Qc2 d5 10. Ne5 c6 11. Nxe4 fxe4 12. f3 exf3 13. exf3 Nd7 14. Bf4 Nxe5
15. Bxe5 Bf6 16. c5 Be7 17. Rac1 Bd7 18. Qb3 Qc8 19. a4 Bd8 20. Bh3 Ra7 21. Bd6
Re8 22. Re5 Bf6 23. Rce1 Bxe5 24. Rxe5 Qd8 25. f4 Bc8 26. Qe3 Bd7 27. Qb3 Bc8
28. Kg2 Ra6 29. Qe3 Bd7 30. Rg5 b6 31. Qe5 g6 32. Bc7 Qe7 33. cxb6 Qb4 34. Qf6
Qxb2+ 35. Kf3 Qb3+ 36. Kg4 e5+ 37. Kh4 Bxh3 38. Rxg6+ hxg6 39. Qxg6+ Kh8 40.
Qxe8+ Kh7 41. Qf7+ Kh6 42. Bd8 1-0